Bài tập tình huống kinh tế thương mại quốc tế

Cung cấp những kiến thức, những phương pháp và kỹ năng chuyên môn của thương mại quốc tế mang tính thực hành nhiều hơn lý luận qua hệ thống các bài tập tình huống điển hình của các quá trình nghiệp vụ thương mại quốc tế của các doanh...

Volledige beschrijving

Bewaard in:
Bibliografische gegevens
Hoofdauteur: Đào, Thị Bích Hòa
Formaat: Boek
Taal:Undetermined
Gepubliceerd in: Hà Nội Thống kê 2003
Onderwerpen:
Tags: Voeg label toe
Geen labels, Wees de eerste die dit record labelt!
Thư viện lưu trữ: Trung tâm Học liệu Trường Đại học Cần Thơ
LEADER 01099nam a2200217Ia 4500
001 CTU_110692
008 210402s9999 xx 000 0 und d
020 |c 16000 
082 |a 382.076 
082 |b H401 
100 |a Đào, Thị Bích Hòa 
245 0 |a Bài tập tình huống kinh tế thương mại quốc tế 
245 0 |c Đào, Thị Bích Hòa, Doãn Kế Bôn, Nguyễn Quốc Thịnh 
260 |a Hà Nội 
260 |b Thống kê 
260 |c 2003 
520 |a Cung cấp những kiến thức, những phương pháp và kỹ năng chuyên môn của thương mại quốc tế mang tính thực hành nhiều hơn lý luận qua hệ thống các bài tập tình huống điển hình của các quá trình nghiệp vụ thương mại quốc tế của các doanh nghiệp kinh doanh xuất nhập khẩu. 
650 |a Foreign trade 
650 |x Problems, exercises, etc. 
904 |i Trang (sửa) 
980 |a Trung tâm Học liệu Trường Đại học Cần Thơ